000 00624nam a2200229Ia 4500
003 OSt
005 20221007080534.0
006 a|||||r|||| 00| 0
007 ta
008 221006b |||||||| |||| 00| 0 eng d
024 _a11,599
037 _cTextual
040 _aFLL
_cFLL
_beng
041 _2eng
_aeng
082 _aV2.N72-N47, L7
100 _aDube S.C. Ed.
245 0 _aIndia since independence social report on India1947-1972
260 _aNew Delhi
_bVikas pub. India
_c1977
300 _a577p
_ccm.
942 _hV2.N72-N47, L7
_cTEXL
_2CC
999 _c1160023
_d1160023